Catálogo
 En Linea

Despojados de todo Fetiche : (Registro nro. 43714)

Detalles MARC
000 -CABECERA
campo de control de longitud fija 00807nam a2200205 a 4500
001 - NÚMERO DE CONTROL
campo de control 000044225
005 - FECHA Y HORA DE LA ÚLTIMA TRANSACCIÓN
campo de control 20201002045228.0
008 - DATOS DE LONGITUD FIJA--INFORMACIÓN GENERAL
campo de control de longitud fija 140610s1999 cl 000 0 spa d
020 ## - NÚMERO INTERNACIONAL ESTÁNDAR DEL LIBRO
Número Internacional Estándar del Libro 9589009271
040 ## - FUENTE DE LA CATALOGACIÓN
Centro catalogador/agencia de origen DO-SdBNP
Lengua de catalogación spa
Centro/agencia transcriptor BNPHU
082 ## - NÚMERO DE LA CLASIFICACIÓN DECIMAL DEWEY
Número de clasificación 335.43
Número de documento/Ítem D471t
245 00 - MENCIÓN DE TÍTULO
Título Despojados de todo Fetiche :
Resto del título la autenticidad del pensamiento marxista en América Latina /
Mención de responsabilidad, etc. dirigido por Pablo Guardarrama González.
260 ## - PUBLICACIÓN, DISTRIBUCIÓN, ETC.
Lugar de publicación, distribución, etc. Bogotá :
-- Santa Clara, Cuba :
Nombre del editor, distribuidor, etc. Universidad INCCA de Colombia,
-- Universidad Central de las Villas,
Fecha de publicación, distribución, etc. 1999.
300 ## - DESCRIPCIÓN FÍSICA
Extensión 459 p. ;
Dimensiones 24 cm.
504 ## - NOTA DE BIBLIOGRAFÍA, ETC.
Nota de bibliografía, etc. Bibliografía p: 436-459
650 #4 - PUNTO DE ACCESO ADICIONAL DE MATERIA--TÉRMINO DE MATERIA
Término de materia o nombre geográfico como elemento de entrada Comunismo
Subdivisión geográfica América Latina
9 (RLIN) 6841
650 #4 - PUNTO DE ACCESO ADICIONAL DE MATERIA--TÉRMINO DE MATERIA
Término de materia o nombre geográfico como elemento de entrada Socialismo
Subdivisión geográfica América Latina
9 (RLIN) 32557
700 12 - PUNTO DE ACCESO ADICIONAL--NOMBRE DE PERSONA
Nombre de persona Guardarrama González, Pablo
Término indicativo de función/relación dir.
9 (RLIN) 72230
910 ## - DATOS DE OPCIÓN DEL USUARIO (OCLC)
Datos de opción del usuario Validado. Control de calidad MFF
Existencias
Estado de retiro Estado de pérdida Restricciones de uso No para préstamo Código de colección Localización permanente Ubicación/localización actual Ubicación en estantería Fecha de adquisición Número de inventario Total de préstamos Signatura topográfica completa Código de barras Fecha visto por última vez Precio válido a partir de Tipo de ítem Koha
      Excluido de préstamo Monografías: Libros y Folletos General General Depósito 10.06.2014 LF1   335.43 D471t 44225-10 25.06.2020 25.06.2020 No se presta

Con tecnología Koha